|
|
|
|
| LEADER |
01467nam a2200385 a 4500 |
| 001 |
000696450 |
| 003 |
CZ BrMZK |
| 005 |
20101206135752.0 |
| 007 |
ta |
| 008 |
031111s2003 xr a b 000 j cze d |
| 015 |
|
|
|a cnb001290217
|
| 020 |
|
|
|a 80-204-1046-5
|q (váz.)
|
| 035 |
|
|
|a (OCoLC)56873399
|
| 040 |
|
|
|a BOA001
|b cze
|
| 072 |
|
7 |
|a 821-93
|x Literatura pro děti a mládež (beletrie)
|2 Konspekt
|9 26
|
| 072 |
|
7 |
|a 821.162.3-3
|x Česká próza
|2 Konspekt
|9 25
|
| 080 |
|
|
|a 821-93
|2 MRF
|
| 080 |
|
|
|a 821.162.3-32
|2 MRF
|
| 080 |
|
|
|a (0:82-32)
|2 MRF
|
| 100 |
1 |
|
|a Binar, Ivan,
|d 1942-
|7 jk01012120
|4 aut
|
| 245 |
1 |
0 |
|a Kilo jablek pro krále /
|c Ivan Binar ; ilustrovala Eva Sýkorová-Pekárková
|
| 250 |
|
|
|a Vyd. 1.
|
| 260 |
|
|
|a Praha :
|b Mladá fronta,
|c 2003
|
| 300 |
|
|
|a 123 s. :
|b il. (převážně barev.) ;
|c 23 cm
|
| 490 |
1 |
|
|a Jednorožec ;
|v sv. 6
|
| 521 |
|
|
|a Určeno pro děti od 6 let
|
| 500 |
|
|
|a Dostupné též v digitální podobě v aplikaci Kramerius
|
| 655 |
|
7 |
|a české příběhy
|7 fd133973
|2 czenas
|
| 655 |
|
7 |
|a publikace pro děti
|7 fd133156
|2 czenas
|
| 700 |
1 |
|
|a Sýkorová-Pekárková, Eva,
|d 1958-
|7 jn99240001169
|4 ill
|
| 830 |
|
0 |
|a Jednorožec
|0 s
|
| 856 |
4 |
1 |
|u http://www.digitalniknihovna.cz/mzk/uuid/uuid:4d2bcb50-464d-11e5-8851-005056827e51
|y Digitalizovaný dokument
|x NDK
|
| 910 |
|
|
|a BOA001
|b 2-1125.593
|
| 990 |
|
|
|a BK
|
| 996 |
6 |
|
|b 2610202418
|c 2-1125.593
|l MZK
|r Sklad / do 1 hodiny
|n 3
|p p.v.
|w 000696450
|u 000010
|a 1
|e BOA001
|j MZK50
|s P
|